| 000 | 00848nam a22001817a 4500 | ||
|---|---|---|---|
| 008 | 100812s1998 xxu||||| |||| 00| 0 ara d | ||
| 082 |
_222 _a181.92 _bع م ر |
||
| 100 | 1 |
_917480 _aالعمر ، عبد الله |
|
| 245 |
_aالدكتور فؤاد زكريا : _bباحثا ومثقفا وناقدا : كتاب تذكاري / _cعبد الله العمر |
||
| 260 |
_aالكويت : _bجامعة الكويت ، _c1998. |
||
| 300 |
_a746 ص ؛ _c24 سم. |
||
| 504 | _aيحتوى على إرجاعات ببليوجرافية | ||
| 541 |
_aألف باء ؛ _cشراء ؛ |
||
| 600 |
_917482 _aزكريا ، فؤاد حسن |
||
| 650 |
_917481 _aالفلاسفة العرب |
||
| 942 |
_2ddc _cBB |
||
| 999 |
_c14659 _d14659 |
||